000 01425nam a2200241Ia 4500
003 Ost
005 20260507075733.0
008 260507s9999||||xx |||||||||||||| ||und||
020 _a9772793873
040 _cfsecg
041 _aara
082 _a333.91
100 _aسعيد، رشدي
_eمؤلف
245 0 _aأزمة المياه في الوطن العربي /
_c رشدي سعيد
260 _aالقاهرة:
_bدار الأمين للنشر والتوزيع,
_c2004
300 _a127 صفحة؛
_bإيضاحات ؛
_c24 سم
504 _aببليوغرافيا: ص.107 قائمة مطبوعات مركز البحوث العربية ص.115
520 _aأزمة المياه في الشرق الأوسط،شح المياه والصراع العربي الاسرائيلي،الماء في منطقة الشام،مناقشات الجلسة الأولى،اقتراح لزيادة مساحة الأرض بنفس كميات مياه الري،أزمة المياه في وادي النيل،مناقشات الجلسة الثانية،مستقبل الإستفادة من مياه النيل،ضبط ماء النيل،استخدام دول حوض النيل لمياهه،اتفاقية ضبط وتوزيع مياه النيل بين الدول النيلية
653 _aالمياه
653 _aالوطن العربي
700 _aالطويل، سعد
_eمؤلف ثانوي
942 _cكتاب
999 _c46059
_d46059